[Event "BRA-ch Amateur U2000"]
[Site "Sao Paulo"]
[Date "2017.10.13"]
[Round "4"]
[White "Carvalho, Celestino Jr"]
[Black "Lisboa Torres, Eduardo"]
[Result "1/2-1/2"]
[WhiteElo "1983"]
[BlackElo "1913"]
[PlyCount "151"]
[EventDate "2017.10.12"]
[EventType "swiss"]
[EventRounds "7"]
[EventCountry "BRA"]
[SourceTitle "EXT 2019"]
[Source "ChessBase"]
[SourceDate "2018.10.10"]
[SourceVersion "1"]
[SourceVersionDate "2018.10.10"]
[SourceQuality "1"]

1. Nf3 c5 2. g3 Nc6 3. Bg2 g6 4. e4 Bg7 5. 0-0 d6 6. Re1 h6 7. d3 e5 8. Nbd2 Nf6 9. Nc4 b5 10. Ne3 Be6 11. a4 a6 12. h3 0-0 13. Kh2 Qd7 14. b3 Ne7 15. Bd2 Ra7 16. g4 Nh7 17. c4 b4 18. Rg1 Kh8 19. Qe2 Bf6 20. Nc2 g5 21. Ne3 Ng6 22. Nf5 Bxf5 23. gxf5 Nf4 24. Qe3 a5 25. Bf1 Rg8 26. Ne1 Be7 27. f3 Nf6 28. Qf2 N6h5 29. Nc2 Raa8 30. Ne3 Kh7 31. Be2 Rg7 32. Rh1 Rh8 33. Kg1 Kg8 34. Kf1 Kf8 35. Ke1 Ke8 36. Bf1 Nf6 37. Kd1 h5 38. Kc2 h4 39. Be2 Rhg8 40. Rag1 Kd8 41. Bf1 Ke8 42. Kb2 Qd8 43. Nc2 Kf8 44. Ka2 N6h5 45. Ne3 Qd7 46. Ng4 Qd8 47. Nh6 Rh8 48. Ng4 Rhg8 49. Ne3 Bf6 50. Bc1 Rh8 51. Qc2 Kg8 52. Nd5 Nxd5 53. cxd5 Kh7 54. Rg4 Rhg8 55. Rhg1 Nf4 56. Be3 Kh8 57. Qc4 Qb6 58. Qc2 Qd8 59. Bg2 Qb6 60. Rc1 Rc8 61. Bf1 Rgg8 62. Rg1 Qb7 63. Qb2 Qe7 64. Rc4 Rc7 65. Qc1 Rb7 66. Rg4 Rg7 67. Qe1 Rb8 68. Qf2 Rbg8 69. Rc1 Rh7 70. d4 exd4 71. Bxf4 gxf4 72. Bd3 Rxg4 73. fxg4 Qe5 74. Qf3 Rg7 75. Rf1 Bg5 76. Rf2 1/2-1/2

[Event "Florianopolis op 3rd"]
[Site "Florianopolis"]
[Date "2017.01.21"]
[Round "2"]
[White "Lisboa Torres, Eduardo"]
[Black "Bruce, Shannon Hill"]
[Result "0-1"]
[WhiteElo "1929"]
[BlackElo "2152"]
[PlyCount "62"]
[EventDate "2017.01.20"]
[EventType "swiss"]
[EventRounds "10"]
[EventCountry "BRA"]
[SourceTitle "CBM 176 Extra"]
[Source "ChessBase"]
[SourceDate "2017.03.02"]
[SourceVersion "1"]
[SourceVersionDate "2017.03.02"]
[SourceQuality "1"]

1. d4 Nf6 2. c4 e6 3. Nc3 Bb4 4. e3 0-0 5. Nge2 d5 6. a3 Be7 7. cxd5 exd5 8. Nf4 Re8 9. Bd3 c6 10. Bc2 Nbd7 11. Nd3 Bd6 12. f4 Ne4 13. Nxe4 dxe4 14. Ne5 Bxe5 15. dxe5 Qh4+ 16. g3 Qh3 17. Bxe4 Nc5 18. Bf3 Bf5 19. e4 Rad8 20. Qc2 Nd3+ 21. Ke2 Bg4 22. Ke3 c5 23. Bd2 Nxe5 24. Bxg4 Nxg4+ 25. Kf3 Nxh2+ 26. Kf2 Qh5 27. Qd1 Ng4+ 28. Kg1 Qxh1+ 29. Kxh1 Nf2+ 30. Kg2 Nxd1 31. Rxd1 Rxe4 0-1

[Event "Florianopolis op 3rd"]
[Site "Florianopolis"]
[Date "2017.01.20"]
[Round "1"]
[White "De Paula, Patrick Borges"]
[Black "Lisboa Torres, Eduardo"]
[Result "0-1"]
[WhiteElo "1809"]
[BlackElo "1929"]
[PlyCount "64"]
[EventDate "2017.01.20"]
[EventType "swiss"]
[EventRounds "10"]
[EventCountry "BRA"]
[SourceTitle "CBM 176 Extra"]
[Source "ChessBase"]
[SourceDate "2017.03.02"]
[SourceVersion "1"]
[SourceVersionDate "2017.03.02"]
[SourceQuality "1"]

1. e4 c5 2. Nc3 Nc6 3. Bb5 Nd4 4. Bc4 d6 5. Nge2 g6 6. 0-0 Bg7 7. d3 a6 8. a4 Rb8 9. a5 Nc6 10. Bb3 Nxa5 11. Ba4+ b5 12. Bb3 Nxb3 13. cxb3 e6 14. d4 cxd4 15. Nxd4 Bb7 16. Be3 Ne7 17. Qd2 0-0 18. Rfd1 d5 19. f3 e5 20. Ndxb5 axb5 21. Nxd5 Bxd5 22. exd5 Nf5 23. Bc5 Re8 24. Ra7 Nd4 25. d6 Ra8 26. Rda1 Rxa7 27. Rxa7 Bf8 28. Bxd4 Qxd6 29. Rb7 exd4 30. Rxb5 d3 31. Qa5 Qd4+ 32. Kf1 d2 0-1

[Event "Rio de Janeiro Padua Memorial 1st"]
[Site "Rio de Janeiro"]
[Date "2016.10.22"]
[Round "1"]
[White "Khaje Hesamedini, Ali"]
[Black "Lisboa Torres, Eduardo"]
[Result "1-0"]
[WhiteElo "2268"]
[BlackElo "1893"]
[PlyCount "61"]
[EventDate "2016.10.22"]
[EventType "swiss"]
[EventRounds "6"]
[EventCountry "BRA"]
[SourceTitle "EXT 2018"]
[Source "ChessBase"]
[SourceDate "2017.10.13"]
[SourceVersion "1"]
[SourceVersionDate "2017.10.13"]
[SourceQuality "1"]

1. d4 Nf6 2. c4 g6 3. g3 Bg7 4. Bg2 d6 5. Nf3 0-0 6. Nc3 Nbd7 7. 0-0 Re8 8. h3 e5 9. e4 exd4 10. Nxd4 Nc5 11. Re1 a5 12. Bf4 Nfd7 13. Be3 Ne5 14. b3 a4 15. Rb1 axb3 16. axb3 Bd7 17. Qc2 Qc8 18. Kh2 Ned3 19. Red1 Nb4 20. Qd2 Nc6 21. Ndb5 Ne6 22. f4 Ne7 23. Bf2 Kh8 24. Re1 f5 25. Nd4 fxe4 26. Nxe4 Nf5 27. Nxe6 Bxe6 28. g4 Ne7 29. Bd4 Nc6 30. Bxg7+ Kxg7 31. Qc3+ 1-0

[Event "Rio de Janeiro Padua Memorial 1st"]
[Site "Rio de Janeiro"]
[Date "2016.10.22"]
[Round "2"]
[White "Lisboa Torres, Eduardo"]
[Black "Rial, Antonio Marcos Pino"]
[Result "1/2-1/2"]
[WhiteElo "1893"]
[BlackElo "1625"]
[PlyCount "118"]
[EventDate "2016.10.22"]
[EventType "swiss"]
[EventRounds "6"]
[EventCountry "BRA"]
[SourceTitle "EXT 2018"]
[Source "ChessBase"]
[SourceDate "2017.10.13"]
[SourceVersion "1"]
[SourceVersionDate "2017.10.13"]
[SourceQuality "1"]

1. d4 d5 2. c4 e5 3. dxe5 d4 4. Nf3 Nc6 5. g3 Bf5 6. a3 f6 7. exf6 Qxf6 8. Bg5 Qg6 9. Bg2 h6 10. Bf4 0-0-0 11. Nh4 Qf6 12. Nxf5 Qxf5 13. h4 Qf6 14. Qa4 Nge7 15. 0-0 g5 16. b4 gxf4 17. b5 d3 18. Ra2 Nd4 19. exd3 fxg3 20. Qxa7 Qxh4 21. Bxb7+ Kd7 22. fxg3 Rg8 23. Bc6+ Ndxc6 24. bxc6+ Ke8 25. Rg2 Rxg3 26. Rxf8+ Kxf8 27. Qf2+ Ke8 28. Rxg3 Qd4 29. Qxd4 Rxd4 30. Nc3 Rd6 31. Re3 Kf7 32. Nb5 Rxc6 33. Kf2 h5 34. Re5 h4 35. Kg2 Ke8 36. Kh3 Kd8 37. Rh5 Ng6 38. Rd5+ Ke7 39. Kg4 Ra6 40. Nxc7 Rxa3 41. Kf5 Nf8 42. Kg4 Ra1 43. Kxh4 Rg1 44. Rg5 Ng6+ 45. Kh5 Nf4+ 46. Kh6 Rh1+ 47. Kg7 Kd7 48. Rc5 Kd6 49. Rf5 Nxd3 50. Nb5+ Kc6 51. Nd4+ Kb6 52. Rb5+ Kc7 53. Ne6+ Kd6 54. Rd5+ Kxe6 55. Rxd3 Rc1 56. Rd4 Ke5 57. Rh4 Kd6 58. Kf7 Kc5 59. Ke6 Rxc4 1/2-1/2

[Event "Blumenau Ann 100 op"]
[Site "Blumenau"]
[Date "2016.09.25"]
[Round "5"]
[White "Umetsubo, Cesar Hidemitsu"]
[Black "Lisboa Torres, Eduardo"]
[Result "1-0"]
[WhiteElo "2379"]
[BlackElo "1893"]
[PlyCount "75"]
[EventDate "2016.09.23"]
[EventType "swiss"]
[EventRounds "6"]
[EventCountry "BRA"]
[SourceTitle "CBM 174 Extra"]
[Source "ChessBase"]
[SourceDate "2016.10.10"]
[SourceVersion "1"]
[SourceVersionDate "2016.10.10"]
[SourceQuality "1"]

1. d4 d5 2. Bf4 Nf6 3. e3 c5 4. c3 Qb6 5. Qb3 c4 6. Qc2 g6 7. Nd2 Bf5 8. Qc1 Qc6 9. Ngf3 Nbd7 10. h3 b5 11. g4 Be4 12. Nxe4 Nxe4 13. Bg2 Bg7 14. 0-0 0-0 15. Nd2 f5 16. Nxe4 fxe4 17. Bg3 e5 18. Qd2 exd4 19. exd4 Rae8 20. Rae1 Nf6 21. Qg5 Rf7 22. Kh2 Ref8 23. f3 exf3 24. Bxf3 Ne4 25. Bxe4 dxe4 26. Rxf7 Rxf7 27. d5 Qe8 28. Qe3 Re7 29. d6 Re6 30. Qc5 Be5 31. Qd5 Bxg3+ 32. Kxg3 Qf7 33. Rxe4 Rxe4 34. Qxe4 Qf1 35. Qa8+ Kg7 36. Qxa7+ Kh6 37. Qe3+ Kg7 38. d7 1-0

[Event "Rio de Janeiro Clube Guanabara 3rd"]
[Site "Rio de Janeiro"]
[Date "2016.07.16"]
[Round "2.6"]
[White "Lisboa Torres, Eduardo"]
[Black "Baeta, Marcio Netto"]
[Result "1-0"]
[WhiteElo "1886"]
[BlackElo "1965"]
[PlyCount "39"]
[EventDate "2016.07.16"]
[EventType "swiss"]
[EventRounds "6"]
[EventCountry "BRA"]
[SourceTitle "EXT 2022"]
[Source "ChessBase"]
[SourceDate "2021.10.06"]
[SourceVersion "1"]
[SourceVersionDate "2021.10.06"]
[SourceQuality "1"]

1. d4 f5 2. e4 fxe4 3. Nc3 Nf6 4. Bg5 g6 5. f3 d5 6. fxe4 Nxe4 7. Nxe4 dxe4 8. Bc4 Qd6 9. c3 Be6 10. d5 Qc5 11. Qb3 Bc8 12. Ne2 Bg7 13. Rf1 Nd7 14. Bb5 a6 15. d6 Qxg5 16. Qf7+ Kd8 17. Nf4 Bxc3+ 18. Kd1 Ne5 19. Ne6+ Bxe6 20. Qf8+ 1-0

[Event "Rio de Janeiro Alex op"]
[Site "Rio de Janeiro"]
[Date "2016.06.18"]
[Round "4"]
[White "Lisboa Torres, Eduardo"]
[Black "Miranda Pereira, Emmanuel"]
[Result "1-0"]
[WhiteElo "1877"]
[BlackElo "1502"]
[PlyCount "45"]
[EventDate "2016.06.12"]
[EventType "swiss"]
[EventRounds "6"]
[EventCountry "BRA"]
[SourceTitle "CBM 173 Extra"]
[Source "ChessBase"]
[SourceDate "2016.08.29"]
[SourceVersion "1"]
[SourceVersionDate "2016.08.29"]
[SourceQuality "1"]

1. d4 d5 2. c4 Nf6 3. cxd5 Nxd5 4. Nf3 e6 5. e4 Nb6 6. Be3 N8d7 7. Nc3 c5 8. a4 cxd4 9. Bxd4 Nf6 10. a5 Nbd7 11. Bb5 Bb4 12. Qa4 Bxc3+ 13. Bxc3 a6 14. Bd3 0-0 15. Bc2 Nc5 16. Qc4 Nfd7 17. b4 b5 18. axb6 Nb7 19. Qd4 Nf6 20. Ne5 Qxd4 21. Bxd4 Nd8 22. Bc5 Re8 23. Ba4 1-0

[Event "Rio de Janeiro Alex op"]
[Site "Rio de Janeiro"]
[Date "2016.06.12"]
[Round "1"]
[White "Khaje Hesamedini, Ali"]
[Black "Lisboa Torres, Eduardo"]
[Result "1-0"]
[WhiteElo "2233"]
[BlackElo "1877"]
[PlyCount "101"]
[EventDate "2016.06.12"]
[EventType "swiss"]
[EventRounds "6"]
[EventCountry "BRA"]
[SourceTitle "CBM 173 Extra"]
[Source "ChessBase"]
[SourceDate "2016.08.29"]
[SourceVersion "1"]
[SourceVersionDate "2016.08.29"]
[SourceQuality "1"]

1. d4 Nf6 2. c4 g6 3. g3 Bg7 4. Bg2 d6 5. Nc3 0-0 6. Nf3 Nbd7 7. 0-0 e5 8. e4 Re8 9. Re1 exd4 10. Nxd4 Ng4 11. h3 Nge5 12. b3 Nc5 13. Be3 Bd7 14. Qc2 Ne6 15. Nde2 a5 16. Rad1 a4 17. Rd2 axb3 18. axb3 h5 19. Red1 g5 20. f4 gxf4 21. gxf4 Nc6 22. e5 Nb4 23. Qb1 Qh4 24. Bf2 Qe7 25. Ne4 Bc6 26. exd6 cxd6 27. Nxd6 Bxg2 28. Kxg2 Nxf4+ 29. Nxf4 Qg5+ 30. Kf3 Nc6 31. Bg3 h4 32. Bh2 Ra1 33. Qf5 Ne5+ 34. Kf2 Rxd1 35. Rxd1 Qd8 36. Kf1 Re7 37. Qc8 Qxc8 38. Nxc8 Re8 39. Nd6 Ra8 40. Ne2 Nf3 41. Bf4 Ra2 42. Nxb7 Rb2 43. Nc5 Kh7 44. Kf2 Nd4 45. Rd2 Nxe2 46. Kxe2 Rb1 47. Rd3 Rb2+ 48. Kf3 Rb1 49. Be3 Be5 50. Bd4 Rf1+ 51. Kg2 1-0

[Event "BRA-ch Amateur U2000"]
[Site "Sao Paulo"]
[Date "2016.05.28"]
[Round "5"]
[White "Lisboa Torres, Eduardo"]
[Black "Reis, Virginia Lagrange M"]
[Result "0-1"]
[WhiteElo "1925"]
[BlackElo "1776"]
[PlyCount "36"]
[EventDate "2016.05.26"]
[EventType "swiss"]
[EventRounds "7"]
[EventCountry "BRA"]
[SourceTitle "EXT 2019"]
[Source "ChessBase"]
[SourceDate "2018.10.10"]
[SourceVersion "1"]
[SourceVersionDate "2018.10.10"]
[SourceQuality "1"]

1. d4 Nf6 2. c4 c5 3. d5 b5 4. cxb5 a6 5. bxa6 g6 6. Nc3 Bxa6 7. Nf3 d6 8. g3 Bg7 9. Bg2 0-0 10. 0-0 Nbd7 11. Re1 Ng4 12. Qc2 Nge5 13. Nxe5 Nxe5 14. f4 Nc4 15. b3 Qa5 16. bxc4 Bxc3 17. Bb2 Bxe1 18. Rd1 Rfb8 0-1

[Event "BRA-ch Amateur U2000"]
[Site "Sao Paulo"]
[Date "2016.05.26"]
[Round "1"]
[White "Aoyama, Edmundo"]
[Black "Lisboa Torres, Eduardo"]
[Result "1/2-1/2"]
[WhiteElo "1797"]
[BlackElo "1925"]
[PlyCount "46"]
[EventDate "2016.05.26"]
[EventType "swiss"]
[EventRounds "7"]
[EventCountry "BRA"]
[SourceTitle "EXT 2019"]
[Source "ChessBase"]
[SourceDate "2018.10.10"]
[SourceVersion "1"]
[SourceVersionDate "2018.10.10"]
[SourceQuality "1"]

1. Nf3 d5 2. g3 Nf6 3. Bg2 c6 4. 0-0 Bf5 5. d3 e6 6. Nbd2 h6 7. c4 Nbd7 8. b3 Be7 9. Bb2 0-0 10. Re1 Qb6 11. e4 Bh7 12. exd5 cxd5 13. Qe2 Rfd8 14. Rad1 Nc5 15. Ne5 Qa6 16. Ra1 Rac8 17. d4 Nce4 18. Nxe4 Bxe4 19. Bxe4 Nxe4 20. Qh5 Rf8 21. Nd7 Rfd8 22. Ne5 Rf8 23. Nd7 Rfd8 1/2-1/2

[Event "Sao Paulo Hebraica op 20th"]
[Site "Sao Paulo"]
[Date "2015.06.05"]
[Round "3"]
[White "Lisboa Torres, Eduardo"]
[Black "Federzoni, Enzo"]
[Result "1/2-1/2"]
[WhiteElo "1926"]
[BlackElo "1699"]
[PlyCount "34"]
[EventDate "2015.06.04"]
[EventType "swiss"]
[EventRounds "6"]
[EventCountry "BRA"]
[SourceTitle "CBM 166 Extra"]
[Source "ChessBase"]
[SourceDate "2015.06.18"]
[SourceVersion "1"]
[SourceVersionDate "2015.06.18"]
[SourceQuality "1"]

1. d4 Nf6 2. c4 g6 3. Nc3 Bg7 4. e4 d6 5. Be2 0-0 6. Bg5 Nbd7 7. Qd2 e5 8. d5 a5 9. h4 Nc5 10. h5 c6 11. f3 a4 12. g4 Qa5 13. Bh6 Bxh6 14. Qxh6 a3 15. b4 Qxb4 16. Rc1 Nb3 17. Rc2 Nd4 1/2-1/2

[Event "Sao Paulo Salles Cup 3rd"]
[Site "Sao Paulo"]
[Date "2015.03.22"]
[Round "6"]
[White "Lisboa Torres, Eduardo"]
[Black "Van Riemsdijk, Dirk Dagobert"]
[Result "1-0"]
[WhiteElo "1911"]
[BlackElo "2075"]
[PlyCount "70"]
[EventDate "2015.03.20"]
[EventType "swiss"]
[EventRounds "6"]
[EventCountry "BRA"]
[SourceTitle "CBM 165 Extra"]
[Source "ChessBase"]
[SourceDate "2015.04.21"]
[SourceVersion "1"]
[SourceVersionDate "2015.04.21"]
[SourceQuality "1"]

1. d4 f5 2. e4 fxe4 3. Nc3 Nf6 4. Bg5 b6 5. f3 e3 6. Ne4 d5 7. Ng3 Qd6 8. c3 e5 9. Bxe3 c5 10. Bb5+ Kf7 11. a3 h5 12. Qd2 h4 13. N3e2 exd4 14. cxd4 Bf5 15. Bd3 Bxd3 16. Qxd3 c4 17. Qc2 Nc6 18. Nh3 Re8 19. Kf2 Kg8 20. Nef4 Rxe3 21. Kxe3 Nxd4 22. Kxd4 Qc5+ 23. Kc3 d4+ 24. Kd2 Bd6 25. Ne6 Qd5 26. Rae1 b5 27. Kd1 Rh6 28. Qd2 b4 29. Qxd4 bxa3 30. Qxd5 Nxd5 31. bxa3 Bxa3 32. Kc2 Bb4 33. Re5 a5 34. Nhg5 Ne7 35. Rd1 Nc6 1-0

[Event "Sao Paulo Salles Cup 3rd"]
[Site "Sao Paulo"]
[Date "2015.03.21"]
[Round "3"]
[White "Saito, Vinicius Ikezu"]
[Black "Lisboa Torres, Eduardo"]
[Result "1-0"]
[WhiteElo "2117"]
[BlackElo "1911"]
[PlyCount "73"]
[EventDate "2015.03.20"]
[EventType "swiss"]
[EventRounds "6"]
[EventCountry "BRA"]
[SourceTitle "CBM 165 Extra"]
[Source "ChessBase"]
[SourceDate "2015.04.21"]
[SourceVersion "1"]
[SourceVersionDate "2015.04.21"]
[SourceQuality "1"]

1. d4 Nf6 2. c4 g6 3. Nc3 Bg7 4. e4 d6 5. Nf3 0-0 6. h3 Nbd7 7. Bg5 h6 8. Be3 e5 9. d5 a5 10. Be2 b6 11. g4 Nc5 12. Nd2 Ne8 13. Nf1 f5 14. gxf5 gxf5 15. exf5 Bxf5 16. Ng3 Bg6 17. h4 Nf6 18. h5 Bh7 19. Rg1 Kh8 20. Qd2 Ng8 21. 0-0-0 a4 22. f3 a3 23. b3 Rxf3 24. Bxf3 Nd3+ 25. Kb1 Nf2+ 26. Nge4 Nxd1 27. Bxd1 Qh4 28. Bc2 Nf6 29. Nxf6 Qxf6 30. Bxh7 Kxh7 31. Qd3+ e4 32. Qxe4+ Kh8 33. Rxg7 Qf1+ 34. Kc2 Kxg7 35. Qg6+ Kf8 36. Bxh6+ Ke7 37. Qe6+ 1-0

[Event "Sao Paulo Salles Cup 3rd"]
[Site "Sao Paulo"]
[Date "2015.03.20"]
[Round "2"]
[White "Schutt, Ricardo de Amorim"]
[Black "Lisboa Torres, Eduardo"]
[Result "0-1"]
[WhiteElo "2130"]
[BlackElo "1911"]
[PlyCount "54"]
[EventDate "2015.03.20"]
[EventType "swiss"]
[EventRounds "6"]
[EventCountry "BRA"]
[SourceTitle "CBM 165 Extra"]
[Source "ChessBase"]
[SourceDate "2015.04.21"]
[SourceVersion "1"]
[SourceVersionDate "2015.04.21"]
[SourceQuality "1"]

1. e4 c5 2. Nf3 d6 3. d4 cxd4 4. Nxd4 Nf6 5. Nc3 g6 6. Be3 Bg7 7. f3 0-0 8. Qd2 Nc6 9. 0-0-0 Bd7 10. h4 h5 11. g4 Bxg4 12. fxg4 Nxg4 13. Nxc6 bxc6 14. Be2 Nxe3 15. Qxe3 Qa5 16. Bc4 Bxc3 17. Qxc3 Qxc3 18. bxc3 Kg7 19. Kd2 e6 20. Ke3 d5 21. Bd3 Rab8 22. exd5 cxd5 23. c4 Rb4 24. cxd5 exd5 25. Rb1 Rfb8 26. Rb3 a5 27. Rc3 d4+ 0-1

[Event "Botafogo Fexerj op"]
[Site "Botafogo"]
[Date "2015.01.24"]
[Round "3"]
[White "Dos Santos, Rodrigo Mello"]
[Black "Lisboa Torres, Eduardo"]
[Result "0-1"]
[WhiteElo "1802"]
[BlackElo "1917"]
[PlyCount "112"]
[EventDate "2015.01.23"]
[EventType "swiss"]
[EventRounds "6"]
[EventCountry "BRA"]
[SourceTitle "CBM 164 Extra"]
[Source "ChessBase"]
[SourceDate "2015.03.02"]
[SourceVersion "1"]
[SourceVersionDate "2015.03.02"]
[SourceQuality "1"]

1. e4 c5 2. Nf3 d6 3. d4 cxd4 4. Qxd4 Nc6 5. Bb5 Bd7 6. Bxc6 Bxc6 7. Nc3 Nf6 8. Bg5 e6 9. 0-0-0 Be7 10. Rhe1 0-0 11. Kb1 Qa5 12. Qd2 Qc7 13. Nd4 Rfd8 14. f3 a6 15. g4 b5 16. Nce2 a5 17. Ng3 b4 18. Nh5 Bb7 19. Bxf6 Bxf6 20. Nxf6+ gxf6 21. g5 Qe7 22. Rg1 Kh8 23. Ne2 d5 24. e5 fxe5 25. f4 exf4 26. Nxf4 f6 27. Nh5 Rg8 28. Nxf6 Rg6 29. h4 Rf8 30. Rdf1 Rfxf6 31. gxf6 Rxg1 32. Rxg1 Qxf6 33. Qg5 Qxg5 34. Rxg5 Bc8 35. Kc1 h6 36. Rg3 Bd7 37. Kd2 Kh7 38. Kd3 e5 39. Re3 Bf5+ 40. Kd2 e4 41. Rg3 d4 42. Rg1 a4 43. c3 e3+ 44. Ke2 a3 45. bxa3 bxc3 46. a4 c2 47. a5 Bg4+ 48. Rxg4 c1Q 49. Rxd4 Qa3 50. Rd3 Qxa2+ 51. Kxe3 Qxa5 52. Rd4 Kg6 53. Re4 Qe1+ 54. Kf3 Qf1+ 55. Kg3 Kf5 56. Ra4 Qd3+ 0-1

[Event "Sao Paulo Big Fun op"]
[Site "Sao Paulo"]
[Date "2014.09.27"]
[Round "3"]
[White "Sousa, Felipe Mazim De"]
[Black "Lisboa Torres, Eduardo"]
[Result "1/2-1/2"]
[WhiteElo "1790"]
[BlackElo "1917"]
[PlyCount "58"]
[EventDate "2014.09.25"]
[EventType "swiss"]
[EventRounds "6"]
[EventCountry "BRA"]
[SourceTitle "CBM 162 Extra"]
[Source "ChessBase"]
[SourceDate "2014.10.17"]
[SourceVersion "1"]
[SourceVersionDate "2014.10.17"]
[SourceQuality "1"]

1. d4 Nf6 2. c4 e5 3. Nc3 exd4 4. Qxd4 Nc6 5. Qd1 Bc5 6. Nf3 h6 7. g3 Ng4 8. Ne4 Bb4+ 9. Bd2 Qe7 10. Nc3 Nge5 11. e3 Bxc3 12. Bxc3 d6 13. Nxe5 Nxe5 14. Bg2 0-0 15. Bxe5 dxe5 16. 0-0 Rd8 17. Qc2 c6 18. a3 Bg4 19. h3 Bh5 20. Be4 f6 21. g4 Bf7 22. Rfd1 Rxd1+ 23. Rxd1 Rd8 24. Rxd8+ Qxd8 25. c5 h5 26. Bg6 hxg4 27. Bxf7+ Kxf7 28. hxg4 Qd5 29. e4 Qd7 1/2-1/2